| 000 | 00518nac a22001451u 4500 | ||
|---|---|---|---|
| 008 | 090318s1983 xxu||||| |||| 00| 0 ara d | ||
| 082 |
_a325.3 _bح م د |
||
| 245 |
_aاستراتيجية الاستعمار والتحرير / _cجمال حمدان |
||
| 260 |
_aالقاهرة : _bدار الشروق ، _c1983. |
||
| 300 |
_a438 ص : _bايض ؛ _c24 سم. |
||
| 511 | _aCatalogued by: Sara | ||
| 650 |
_aالاستعمار _914789 |
||
| 650 |
_aالاحتلال العسكري _921466 |
||
| 942 |
_cBB _k325.3 ح م د _2ddc |
||
| 999 |
_c5504 _d5504 |
||